Một số khó khăn tâm lý và nhu cầu cần trợ giúp của sinh viên khoa giáo dục đặc biệt - trường CĐSP TW Nha Trang /

Na minha lista:
Detalhes bibliográficos
Autor principal: Nguyễn Thị Thảo, ThS.
Outros Autores: Vũ Thị Thúy.
Formato: Atigo
Idioma:Vietnamese
Assuntos:
Tags: Adicionar Tag
Sem tags, seja o primeiro a adicionar uma tag!
Thư viện lưu trữ: Thư viện Trường Đại học Đà Lạt
LEADER 00898nam a2200277 4500
001 DLU130155014
005 ##20131016
040 # # |a DLU  |b vie 
041 # # |a vie 
044 # # |a vn 
100 # # |a Nguyễn Thị Thảo,   |c ThS. 
245 # # |a Một số khó khăn tâm lý và nhu cầu cần trợ giúp của sinh viên khoa giáo dục đặc biệt - trường CĐSP TW Nha Trang /  |c Nguyễn Thị Thảo, Vũ Thị Thúy. 
653 # # |a Tự chủ 
653 # # |a Tự học 
653 # # |a Tự lập 
700 # # |a Vũ Thị Thúy. 
773 # # |t Tạp chí Dạy và học ngày nay   |g Số 4, 2012, tr. 49-51 
920 # # |a Phòng Tạp chí -- Trung tâm Thông tin - Thư viện Trường Đại học Đà Lạt 
994 # # |a DLU 
900 # # |a True 
911 # # |a Nguyễn Thị Linh Chi 
925 # # |a G 
926 # # |a A 
927 # # |a BB 
980 # # |a Thư viện Trường Đại học Đà Lạt